Science Quiz

Random Science or Chemistry Quiz

Periodic Table of Elements Quiz Stats

 Plays Quiz Updated Nov 15, 2020

Support Sporcle.
Go Orange.
Score 0/118 Timer 15:00
228 Plays Today
% Correct
H​
94.5%
He​
91.9%
O​
91.6%
C​
88.6%
N​
86.1%
Au​
83.4%
Ag​
83.1%
Li​
82.4%
Na​
81.8%
Ne​
81.7%
B​
80.6%
K​
80.5%
Mg​
79.1%
Fe​
79.1%
Ar​
78.3%
Cu​
78.1%
Cl​
77.5%
Al​
75%
Ca​
73.5%
F​
73.4%
S​
73%
Be​
71%
Xe​
69%
Zn​
67.9%
Si​
67.6%
P​
67.5%
Kr​
66.2%
Sn​
65.2%
Pb​
64.9%
U​
64.8%
Mn​
64.7%
Ti​
64.3%
I​
64.1%
Ni​
64.1%
Br​
62.3%
Co​
62%
Hg​
61.5%
Rn​
61%
Pu​
58.7%
Pt​
58.5%
% Correct
As​
58.2%
Ge​
58.1%
Es​
57.7%
Fr​
56.9%
Cs​
55.8%
Cr​
54.9%
Ba​
54.7%
Ra​
54.6%
Se​
54.5%
Ga​
53.7%
W​
53.2%
V​
52.9%
Rb​
51.4%
Sr​
50.3%
Y​
49.9%
Sc​
49.9%
Cf​
48.6%
Am​
47.8%
Sb​
45.5%
Cd​
45.2%
Zr​
45%
Pd​
44.6%
Po​
43.8%
In​
43.2%
Np​
42.8%
At​
42.7%
Ac​
42.2%
Cm​
42%
Mo​
41.8%
Rh​
41.3%
La​
41.2%
Bi​
40.8%
Ir​
40.6%
Rf​
40.4%
Eu​
40%
Tl​
39.2%
Te​
38.7%
Os​
38.2%
Hf​
38.1%
Tc​
37.6%
% Correct
Yb​
37.3%
Nb​
36.8%
Ru​
36.7%
Og​
36.7%
Md​
36.6%
Th​
36.5%
Lr​
36.2%
Ts​
36%
No​
35.8%
Bk​
35.7%
Mc​
35%
Ce​
34.7%
Re​
34.4%
Bh​
33.9%
Lv​
33.6%
Sg​
33.3%
Cn​
32.7%
Ta​
32.3%
Nh​
32.2%
Er​
31.9%
Fm​
31.5%
Pm​
30.7%
Fl​
30.7%
Nd​
30.3%
Pa​
30%
Sm​
29.9%
Hs​
29.9%
Pr​
29.3%
Ho​
29.3%
Tb​
29.2%
Tm​
28.9%
Db​
28.8%
Lu​
28.8%
Ds​
28.3%
Gd​
27.9%
Dy​
27%
Mt​
26.5%
Rg​
26.5%

From the Vault

Two Clues: 'E' Words

by MSUKent

This quiz isn't as E-asy as you might think.
Remove Ads.
Support Sporcle.
Get the best of Sporcle when you Go Orange. This ad-free experience offers more features, more stats, and more fun while also helping to support Sporcle. Thank you for becoming a member.

Show Comments

Extras

Top Quizzes Today


Score Distribution

Your Account Isn't Verified!

In order to create a playlist on Sporcle, you need to verify the email address you used during registration. Go to your Sporcle Settings to finish the process.

Report this User

Report this user for behavior that violates our Community Guidelines.

Details: